Au Nord ou au Sud de Paris? (Niveau Difficile) - Statistiques

Statistiques générales
  • Ce quiz a été pris 195 fois
    144 depuis la dernière actualisation
  • Le résultat moyen est 14 sur 20
Statistiques - réponses
Question Réponse % Correct
Meaux Nord
100%
Beauvais Nord
100%
Soissons Nord
100%
Châlons-en-Champagne Nord
100%
Alençon Sud
100%
Saint-Brieuc Sud
100%
Épernay Nord
67%
Boulogne-sur-Mer Nord
67%
Compiègne Nord
67%
Dreux Sud
67%
Melun Sud
67%
Montargis Sud
67%
Troyes Sud
67%
Nouméa Sud
67%
Bourg-Saint-Maurice Sud
67%
Saint-Gilles-Croix-de-Vie Sud
67%
Mont-de-Marsan Sud
67%
Mantes-la-Jolie Nord
33%
Lisieux Nord
33%
Guéret Sud
33%
Aucun quiz correspondant
Distribution des résultats
% des personnes avec chaque résultat
Percentile par nombre de réponses
Votre historique - résultats
Vous n’avez pas pris ce quiz depuis la dernière actualisation